Statistics for Capitals to Country - North America

Click here to take the quiz!

General Stats

  • This quiz has been taken 182 times
  • The average score is 19 of 23

Answer Stats

HintAnswer% Correct
OttawaCanada
96%
Washington DCUnited States of America
96%
Mexico CityMexico
95%
Panama CityPanama
95%
HavanaCuba
94%
Guatemala CityGuatemala
94%
San SalvadorEl Salvador
90%
KingstonJamaica
90%
Port-au-PrinceHaiti
87%
NassauBahamas
84%
Santo DomingoDominican Republic
83%
San JoseCosta Rica
81%
Port of SpainTrinidad and Tobago
79%
ManaguaNicaragua
76%
Saint John'sAntigua and Barbuda
75%
Saint George'sGrenada
75%
TegucigalpaHonduras
74%
BridgetownBarbados
73%
BelmopanBelize
73%
RoseauDominica
73%
BasseterreSaint Kitts and Nevis
73%
CastriesSaint Lucia
73%
KingstownSaint Vincent and the Grenadines
73%

Score Distribution

Percentile by Number Answered

Percent of People with Each Score

Your Score History

You have not taken this quiz